000 00326nam a22001457a 4500
008 210531b ||||| |||| 00| 0 eng d
020 _a070546177
041 _aeng
080 _a004
082 _a004
100 _a28
101 _aSHKI
245 _aComputers in Business An Introduction
_cSanders,D.H
942 _2udc
_cBK
999 _c57835
_d57835